Ciudades españolas con mayor crecimiento poblacional - Estadísticas

Estadísticas generales
  • Esta prueba ha sido intentada 36 veces
  • La puntuación promedio es 13 de 20
Estadísticas de respuestas
Aumento C. A. Ciudad % Correcto
74.028 Com. Valenciana Alicante
100%
182.324 Cataluña Barcelona
100%
483.693 Com. de Madrid Madrid
100%
67.932 Andalucía Málaga
100%
101.237 Región de Murcia Murcia
100%
85.899 Com. Valenciana Valencia
100%
78.553 Aragón Zaragoza
97%
104.433 Islas Baleares Palma
94%
59.018 Andalucía Marbella
76%
43.280 Cataluña Hospitalet de Llobregat
67%
47.550 Com. Valenciana Elche
61%
55.663 Com. de Madrid Parla
52%
47.022 Canarias Arona
39%
45.979 Andalucía Mijas
39%
65.895 Com. de Madrid Rivas-Vaciamadrid
39%
54.519 Cataluña Tarrasa
36%
44.807 Com. Valenciana Torrevieja
30%
58.252 Andalucía Roquetas de Mar
27%
43.446 Andalucía Benalmádena
24%
50.413 Com. de Madrid Valdemoro
24%
No se encontraron pruebas coincidentes
Distribución de puntuación
Porcentaje de gente con cada puntuación
Porcentaje por número respondido
Historial de tus puntuaciones
No has intentado esta prueba.